000
00251 a2200121 4500
001
194876
040
_c
Magnum
100
_a
MORAL, Silvia
240
1
0
_a
A ovelha-tigre
_l
por
245
1
0
_a
A ovelha-tigre
697
_a
LITERATURA INFANTIL
942
_c
BK
999
_c
194876
_d
194876